MARC

LEADER 00000nam0a2200000 4500
001 242676
005 20231101231918.0
035 |a (RuTPU)RU\TPU\book\263993 
090 |a 242676 
100 |a 20130907d1973 km y0rusy50 ca 
101 0 |a rus 
102 |a RU 
105 |a y z 001zy 
200 1 |a Обратные методы теплопроводности  |f А. Г. Темкин 
210 |a Москва  |c Энергия  |d 1973 
215 |a 464 с. 
320 |a Библиогр.: с. 457-461. 
606 1 |a Теплопроводность  |x Математические методы  |2 stltpush  |3 (RuTPU)RU\TPU\subj\71522  |9 85398 
610 1 |a уравнения 
610 1 |a закон сохранения энергии 
610 1 |a лапласианы 
610 1 |a решения 
610 1 |a стержни 
610 1 |a температурные поля 
610 1 |a интеграл Дюамеля 
610 1 |a асимметричные поля 
610 1 |a аналитическая теория 
610 1 |a обратная задача 
610 1 |a эксперименты 
610 1 |a обработка 
610 1 |a релаксация 
610 1 |a кинематика 
675 |a 536.2  |v 3 
700 1 |a Темкин  |b А. Г.  |g Абрам Генрихович 
801 1 |a RU  |b 63413507  |c 20130907 
801 2 |a RU  |b 63413507  |c 20210208  |g RCR 
942 |c BK